00433nam a2200157Ia 45000010006000000050017000060080041000230410008000640820015000721000041000872450094001282600009002223000028002316500008002596540008002671606520260306170242.0260306t1991||||xx |||||||||||||| ||und|| aESP a346.6bD35 aDe la Puente y la Valle, ManueleAUT 0aEl contrato general:bcomentarios a la sección primera del libro VII del código civil c1991 a438 páginas :c20 cm. aGEN aCDE